Search the Library Catalogue
| 000 -LEADER | |
|---|---|
| fixed length control field | 00431nam a2200157 a 4500 |
| 008 - FIXED-LENGTH DATA ELEMENTS--GENERAL INFORMATION | |
| fixed length control field | 251018s2025##################000#0#eng## |
| 020 ## - INTERNATIONAL STANDARD BOOK NUMBER | |
| ISBN | 9788121107648 |
| 082 04 - DEWEY DECIMAL CLASSIFICATION NUMBER | |
| Classification number | 582.16095 |
| Item number | BOU |
| 100 ## - MAIN ENTRY--AUTHOR NAME | |
| Personal name | Bourdillon, T.f. |
| 245 10 - TITLE STATEMENT | |
| Title | The Forest Trees Of Travancore |
| Statement of responsibility, etc | T.F.BOURDILLON |
| 250 ## - EDITION STATEMENT | |
| Edition statement | 1st |
| 260 ## - PUBLICATION, DISTRIBUTION, ETC. (IMPRINT) | |
| Place of publication | Dehradun |
| Name of publisher | M/s Bishen Singh Mahendra Pal Singh |
| Year of publication | 1976 |
| 650 ## - SUBJECT ADDED ENTRY--TOPICAL TERM | |
| Topical Term | Botany |
| 942 ## - ADDED ENTRY ELEMENTS (KOHA) | |
| Koha item type | English Books |
| Withdrawn status | Lost status | Damaged status | Not for loan | Home library | Current library | Shelving location | Date acquired | Full call number | Accession Number | Price effective from | Koha item type |
|---|---|---|---|---|---|---|---|---|---|---|---|
| Anna Centenary Library | Anna Centenary Library | 5TH FLOOR, B WING | 18.10.2025 | 582.16095 BOU | 173150 | 18.10.2025 | English Books |